000 01029nam0a22002771 4500
001 rc\3235000
005 20130115141822.3
021 _aRU
_b[71-53103]
035 _a(NLR Aleph) 007473329
090 _a7439878
_c7439878
100 _a20130115d1971 |||y0rusy50 ca
101 0 _arus
102 _aRU
105 _aa z |||||
200 1 _aЭнтомофауна Молдавии
_e[Сборник статей
_fРед. коллегия: акад. М.Ф. Ярошенко (отв. ред.) и др.]
_gАН МССР. Ин-т зоологии
210 _aКишинев
_cШтиинца
_d1971
215 _a134 с.
_cил.
_d21
320 _aСписки лит. в конце статей
606 _aНасекомые
_yМССР
_2psbo
702 1 _aЯрошенко
_bМ. Ф.
_gМихаил Федорович
_4340
712 0 2 _aИнститут зоологии
_cКишинев
_3RU\NLR\AUTH\8810018915
801 0 _aRU
_bNLR
_gpsbo
801 1 _aRU
_bELAR
_2rusmarc
852 _aNLR
_j71-5/3317
942 _cBOOK
980 _aNB